000 00747nam a2200253 a 4500
008
020 _a0443064504 (pbk.)
049 _aMAIN
090 _aHQ766.8
_bGLA
100 1 _aGlasier, Anna.
245 1 0 _aHandbook of family planning and reproductive healthcare /
_cAnna Glasier and Ailsa Gebbie.
250 _a4th ed.
260 _aEdinburgh :
_bChurchill livingstone,
_c2000.
300 _axii, 441 p. ;
_c20 cm.
504 _aIncludes bibliographical reference.
500 _aIncludes index.
650 1 _aBirth control.
700 _aGebbie, Ailsa.
907 _a.b10259570
_b02-11-09
_c13-01-09
003
005 20230123124924.0
040 _cNUST
942 _cBOOKS
_kHQ766.8
_mGLA
999 _c132603
_d132603